Fusion of neural networks, fuzzy sets, and genetic algorithms(E-BOOK) (Record no. 192322)
[ view plain ]
| 000 -LEADER | |
|---|---|
| fixed length control field | 01455 a2200253 4500 |
| 003 - CONTROL NUMBER IDENTIFIER | |
| control field | Nust |
| 005 - DATE AND TIME OF LATEST TRANSACTION | |
| control field | 20170207154034.0 |
| 010 ## - LIBRARY OF CONGRESS CONTROL NUMBER | |
| LC control number | 98030005 |
| 020 ## - INTERNATIONAL STANDARD BOOK NUMBER | |
| International Standard Book Number | 0849398045 (alk. paper) |
| 040 ## - CATALOGING SOURCE | |
| Transcribing agency | Nust |
| 082 00 - DEWEY DECIMAL CLASSIFICATION NUMBER | |
| Classification number | 006.3/2 |
| 245 00 - TITLE STATEMENT | |
| Title | Fusion of neural networks, fuzzy sets, and genetic algorithms(E-BOOK) |
| Remainder of title | industrial applications / |
| Statement of responsibility, etc. | edited by Lakhmi C. Jain, N.M. Martin. |
| 260 ## - PUBLICATION, DISTRIBUTION, ETC. | |
| Place of publication, distribution, etc. | Boca Raton : |
| Name of publisher, distributor, etc. | CRC press, |
| Date of publication, distribution, etc. | c1998. |
| 300 ## - PHYSICAL DESCRIPTION | |
| Extent | 354 p. : |
| Other physical details | ill. ; |
| Dimensions | 25 cm. |
| 440 #4 - SERIES STATEMENT/ADDED ENTRY--TITLE | |
| Title | The CRC Press international series on computational intelligence |
| 505 ## - FORMATTED CONTENTS NOTE | |
| Formatted contents note | Chapter 1—Introduction to Neural Networks, Fuzzy Systems, Genetic Algorithms, and their Fusion, Chapter 2—A New Fuzzy-Neural Controller, Chapter 3—Expert Knowledge-Based Direct Frequency Converter Using Fuzzy Logic Control, Chapter 4—Design of an Electro-Hydraulic System Using Neuro-Fuzzy Techniques, Chapter 5—Neural Fuzzy Based Intelligent Systems and Applications, Chapter 6—Vehicle Routing through Simulation of Natural Processes, Chapter 7—Fuzzy Logic and Neural Networks in Fault Detection, Chapter 8—Application of the Neural Network and Fuzzy Logic to the Rotating Machine Diagnosis |
| 650 #0 - SUBJECT ADDED ENTRY--TOPICAL TERM | |
| Topical term or geographic name entry element | Fuzzy sets. |
| 650 #0 - SUBJECT ADDED ENTRY--TOPICAL TERM | |
| Topical term or geographic name entry element | Genetic algorithms. |
| 650 #0 - SUBJECT ADDED ENTRY--TOPICAL TERM | |
| Topical term or geographic name entry element | Neural networks (Computer science) |
| 651 ## - SUBJECT ADDED ENTRY--GEOGRAPHIC NAME | |
| Geographic name | E-BOOK |
| 700 1# - ADDED ENTRY--PERSONAL NAME | |
| Personal name | Jain, L. C. |
| 700 1# - ADDED ENTRY--PERSONAL NAME | |
| Personal name | Martin, N. M. |
| 856 42 - ELECTRONIC LOCATION AND ACCESS | |
| Materials specified | Publisher description |
| Uniform Resource Identifier | <a href="http://www.loc.gov/catdir/enhancements/fy0803/98030005-d.html">http://www.loc.gov/catdir/enhancements/fy0803/98030005-d.html</a> |
| 942 ## - ADDED ENTRY ELEMENTS (KOHA) | |
| Source of classification or shelving scheme | |
| Koha item type | Book |
| Withdrawn status | Lost status | Source of classification or shelving scheme | Damaged status | Not for loan | Collection code | Permanent Location | Current Location | Date acquired | Total Checkouts | Full call number | Barcode | Date last seen | Price effective from | Koha item type |
|---|---|---|---|---|---|---|---|---|---|---|---|---|---|---|
| Military College of Signals (MCS) | Military College of Signals (MCS) | 12/12/2016 | 006.3/2 JAI | MCSEB-1315 | 12/08/2016 | 12/12/2016 | Book |
